000 00695nam a22002297a 4500
001 BD-DhSAU 5921
003 BD-DhSAU
005 20150429155301.0
008 150429b2006 ii a|||| |||| 001 0 eng d
020 _a8183210449
040 _aBD-DhSAU
082 _222
_a630.715
_bBAP
100 _aBasu, D.
245 _aParticipatory monitoring and evaluation of development programmes :
_bPractioners guide /
_cBy D. Basu, M. M. Adhikary and D. Biswas
260 _aUdaipur :
_bAgrotech publishers ,
_cc2006.
300 _a208 p.:
_bill. ;
_c21 cm.
504 _aIncludes bibliography and index
590 _aIMRAN
650 _aStatistics
700 _aAdhikary, M. M.
700 _aBiswas, D.
942 _2ddc
_cBOOK
999 _c5921
_d5921